Random famous people by picture #8 - Statistics

General Stats
  • This quiz has been taken 47 times
  • The average score is 9 of 16
Answer Stats
Picture Answer % Correct
Mother Teresa
95%
Nelson Mandela
92%
Tom Hanks
92%
Harrison Ford
89%
Princess Diana
89%
Ozzy Osbourne
78%
Malcolm X
73%
Clint Eastwood
65%
Natalie Portman
65%
Agatha Christie
49%
Mary Shelley
32%
Ana de Armas
22%
Giorgio Armani
19%
Fred Zinnemann
3%
Mehmed IV
3%
Yuji Nishida
3%
No matching quizzes found
Score Distribution
Percent of People with Each Score
Percentile by Number Answered
Your Score History
You have not taken this quiz